| 000 | 00390nam a2200145Ia 4500 | ||
|---|---|---|---|
| 008 | 221030s9999 xx 000 0 und d | ||
| 041 | _aEnglish | ||
| 082 | _a105.23 | ||
| 100 | _aR. P. Feynman | ||
| 245 | 4 |
_aThe Feynaman Lectures on Physics Mainly Mechanics Radition and Heat _cby R. P. Feynman , R. B. Leighton |
|
| 260 | _c0 | ||
| 650 | _aB | ||
| 700 | _aR. B. Leighton | ||
| 942 | _cBK | ||
| 999 |
_c10861 _d10861 |
||